Mau Mau detainee / (Record no. 13721)

MARC details
000 -LEADER
fixed length control field 00756nam a22002292 4500
001 - CONTROL NUMBER
control field 0000019735
005 - DATE AND TIME OF LATEST TRANSACTION
control field 20151217155902.0
008 - FIXED-LENGTH DATA ELEMENTS--GENERAL INFORMATION
fixed length control field 110124s xx 000 0 eng d
020 ## - INTERNATIONAL STANDARD BOOK NUMBER
International Standard Book Number 9966940251 :
040 ## - CATALOGING SOURCE
Original cataloging agency KABU
Transcribing agency KABU
100 1# - MAIN ENTRY--PERSONAL NAME
Personal name Kariuki, Josiah Mwangi.
-- 0000148737
245 10 - TITLE STATEMENT
Title Mau Mau detainee /
Statement of responsibility, etc. Josiah Mwangi Kariuki.
250 ## - EDITION STATEMENT
Edition statement 1st ed.
260 ## - PUBLICATION, DISTRIBUTION, ETC. (IMPRINT)
Place of publication, distribution, etc. Nairobi :
Name of publisher, distributor, etc. Transafrica Press,
Date of publication, distribution, etc. 2009.
300 ## - PHYSICAL DESCRIPTION
Extent xvi, 167 p.
600 10 - SUBJECT ADDED ENTRY--PERSONAL NAME
Personal name Kariuki, Josiah Mwangi.
-- 0000148737
650 #0 - SUBJECT ADDED ENTRY--TOPICAL TERM
Topical term or geographic name as entry element Mau Mau Movement.
-- 0000148738
651 #0 - SUBJECT ADDED ENTRY--GEOGRAPHIC NAME
Geographic name Kenya
General subdivision History
-- Mau Mau emergency, 1952-1960
-- Personal narratives, Kenya.
-- 0000179645
852 1# - LOCATION
-- p800 KES
908 ## - PUT COMMAND PARAMETER (RLIN)
Put command parameter 110124
950 ## - LOCAL HOLDINGS (RLIN)
-- 1
Holdings
Withdrawn status Lost status Source of classification or shelving scheme Not for loan Home library Current library Date acquired Total Checkouts Total Renewals Full call number Barcode Date last seen Date last checked out Price effective from Koha item type
    Library of Congress Classification   Kabarak, Main Campus Kabarak, Main Campus 17/12/2015 8 3 DT433.576 .K37K37 2009 c. 1 22720 08/04/2024 22/03/2024 17/12/2015 Africana Collection
Designed with assistance from East African Informatics Ltd